000 00627nam a2200217Ii 4500
003 JO-AjNU
008 230606s9999||||xx |||||||||||||| ||und||
020 _a978-0-19-437-238-1
040 _aJO-AjNU
_beng
_erda
_cJO-AjNU
041 _aeng
050 1 4 _aP140 2009
100 3 _aSchendl,Herbert تأليف,
_eauthor
_91944
245 0 0 _aHistorical Linguistics
250 _a2 ed
264 3 1 _aNew York:Oxford University Press,2009
300 _a130p
336 _atext
_btxt
_2rdacontent
337 _aunmediated
_bn
_2rdamedia
338 _avolume
_bnc
_2rdacarrier
650 4 _aHistorical Linguistics- Linguistics
_91945
999 _aE1022
_c1022
_d1022